S62->Cieszyn - Statystyki

Ogólne statystyki
  • Ten quiz został rozwiązany 14 razy
  • Średni wynik to 16 z 22
Statystyki odpowiedzi
Nr. Stacja % Poprawnych
22. Cieszyn
100%
18. Goleszów
100%
1. Katowice
100%
16. Skoczów
92%
20. Bażanowice
85%
4. Tychy
85%
13. Chybie Mnich
77%
8. Goczałkowice
77%
19. Goleszów Górny
77%
6. Piasek
77%
7. Pszczyna
77%
21. Cieszyn Uniwersytet
69%
10. Czechowice-Dziedzice
69%
2. Katowice Ligota
69%
3. Katowice Piotrowice
69%
15. Pierściec
62%
17. Skoczów Bładnice
62%
11. Zabrzeg
62%
12. Zabrzeg Czarnolesie
62%
9. Goczałkowice-Zdrój
46%
5. Kobiór
46%
14. Zaborze
38%
Nie znaleziono quizów pasujących do podanych kryteriów
Rozkład punktacji
Procent ludzi z każdym wynikiem
Percentyl według liczby udzielonych odpowiedzi
Twoja historia wyników
Nie rozwiązałeś tego quizu